Retailing (Бичлэгийн дугаар. 145574)
| 000 -УДИРДЛАГА | |
|---|---|
| Удирдлага | 00707nam a22002657a 4500 |
| 003 - ХЯНАЛТЫН ТОО ТОДОРХОЙЛОГЧ | |
| Код | MN-UlNUM |
| 005 - БИЧИЛТ ХИЙСЭН ОГНОО | |
| Тухайн бичилтийг бичсэн засварласан сүүлийн огноо | 20251113135809.0 |
| 008 - ЕРӨНХИЙ МЭДЭЭЛЭЛ | |
| Ерөнхий мэдээлэл | 251113s1982 nyua 001 0 eng |
| 020 ## - ISBN | |
| ISBN | 0070416931 |
| -- | 0070416932 |
| 040 ## - БИЧЛЭГ ҮҮСГЭГЧ БАЙГУУЛЛАГА | |
| Бичлэг үүсгэгч номын сангийн код | МУИС-ийн номын сан |
| 084 ## - ББК АНГИЛАЛ | |
| Нэмэлт тусгалт | Нэг сэдэвт бүтээл |
| ББК ангилал | 65.42 |
| Зохиогчийн гурван тэмдэгт | M 64 |
| Мэдлэгийн ялгаа | 65 - Эдийн засаг |
| 100 ## - ЗОХИОГЧ | |
| Зохиогчийн нэр | Meyer, Warren G |
| 245 ## - ҮНДСЭН ГАРЧИГ | |
| Номын нэр | Retailing |
| Бага гарчгийн мэдээ | principles and practices |
| 250 ## - ДАХИН ХЭВЛЭЛТ | |
| Дахин гаралтын дугаар | 7th edition |
| 260 ## - ГАРАЛТЫН МЭДЭЭ | |
| Хэвлэгдсэн газар | New York |
| Хэвлэлийн газар | Gregg Division, McGraw-Hill |
| Хэвлэгдсэн он | 1982 |
| 300 ## - МАТЕРИАЛЫН ТОДОРХОЙЛОЛТ | |
| хуудасны тоо | vii, 583 p. : |
| Бусад тоон мэдээлэл | ill. ; |
| Хэмжээ | 24 cm |
| 500 ## - Тайлбар | |
| Дансны дугаар | БС 3820 |
| 546 ## - ХЭЛНИЙ ТУХАЙ МЭДЭЭ | |
| Хэл | Англи хэл дээр, |
| 653 ## - Түлхүүр үг | |
| Түлхүүр үг | retail trade |
| 700 ## - ХАМ ЗОХИОГЧИД | |
| Ба бус | Haines, Peter George |
| 700 ## - ХАМ ЗОХИОГЧИД | |
| Ба бус | Harris, E. Edward |
| 942 ## - ЭЛЕМЕНТИЙН ТӨРӨЛ | |
| Зүйлийн төрөл | Ном |
